=LDR 00000nam 2200000 4500 =001 INLIS000000000010971 =005 20130612102558 =008 ***********************************Ind** =035 ##$$0010-061300000010971 =041 ##$$a Ind =082 ##$$a 619.12 =090 ##$$a 619.12, Dul-P =100 ##$$a Duljapar, Khaerudin =245 ##$$a Pengawetan Kayu, Khairudin Duljapar =260 ##$$a 1996 $b Jakarta =300 ##$$a viii, 65 hlm, ilus, 21cm =650 ##$$a Kayu =650 ##$$a Pengawetan =850 ##$$a NBPNMAT